Detroit Catholic Central B

Dominic Aiello, Anthony Chalhoub, Lucas Jraiche, Dominic Apap


Current Events - U.S.316.67100%67%0%
Current Events - World210.00100%0%0%
Fine Arts - Ballet/Dance120.00100%100%0%
Fine Arts - Film210.0050%50%0%
Fine Arts - Music611.67100%17%0%
Fine Arts - Opera10.000%0%0%
Fine Arts - Painting514.00100%40%0%
Fine Arts - Photography210.00100%0%0%
Fine Arts - Sculpture316.67100%0%67%
Geography - Europe210.0050%50%0%
Geography - United States110.00100%0%0%
Geography - World120.00100%100%0%
History - American615.00100%50%0%
History - Cross, Historiography, and Miscellaneous1013.00100%20%10%
History - European616.67100%67%0%
History - World1014.00100%40%0%
Literature - American816.25100%63%0%
Literature - British514.00100%40%0%
Literature - European916.6789%67%11%
Literature - World and Miscellaneous917.78100%67%11%
Other - Other Academic and General Knowledge510.0080%20%0%
RMP - Buddhism120.00100%100%0%
RMP - East Asian Religion120.00100%100%0%
RMP - Hebrew Bible110.00100%0%0%
RMP - Hinduism110.00100%0%0%
RMP - Islam215.0050%50%50%
RMP - New Testament120.00100%100%0%
RMP - Other Religion210.00100%0%0%
RMP - Philosophy510.0080%20%0%
RMP - World Mythology422.50100%100%25%
Science - Astronomy120.00100%100%0%
Science - Biology1014.00100%30%10%
Science - Chemistry78.5771%14%0%
Science - Computer Science110.00100%0%0%
Science - Earth310.00100%0%0%
Science - Engineering and Miscellaneous110.00100%0%0%
Science - Math47.5075%0%0%
Science - Physics711.4386%14%14%
Social Science - Anthropology110.00100%0%0%
Social Science - Economics215.00100%50%0%
Social Science - Psychology36.6767%0%0%
Social Science - Sociology10.000%0%0%